IST 112-introduction to programming: (Record no. 3384)
[ view plain ]
| 000 -LEADER | |
|---|---|
| fixed length control field | 01716nam a22001937a 4500 |
| 008 - FIXED-LENGTH DATA ELEMENTS--GENERAL INFORMATION | |
| fixed length control field | 140815b xxu||||| |||| 00| 0 eng d |
| 020 ## - INTERNATIONAL STANDARD BOOK NUMBER | |
| International Standard Book Number | 9781133349808 |
| 050 ## - LIBRARY OF CONGRESS CALL NUMBER | |
| Classification number | QA76.6.I8 |
| 100 ## - MAIN ENTRY--PERSONAL NAME | |
| Personal name | Herbert, Charles W. |
| 245 ## - TITLE STATEMENT | |
| Title | IST 112-introduction to programming: |
| Statement of responsibility, etc. | Charles W Herbert |
| 250 ## - EDITION STATEMENT | |
| Edition statement | 5th ed. |
| 260 ## - PUBLICATION, DISTRIBUTION, ETC. | |
| Place of publication, distribution, etc. | U.S.A.: |
| Name of publisher, distributor, etc. | Cengage Learning: |
| Date of publication, distribution, etc. | 2009. |
| 300 ## - PHYSICAL DESCRIPTION | |
| Extent | 375p,: |
| Other physical details | ill,; |
| Dimensions | 24cm. |
| 500 ## - GENERAL NOTE | |
| General note | Includes index and glossary |
| 505 ## - FORMATTED CONTENTS NOTE | |
| Formatted contents note | Contents: The Thinking highway -- Terminology -- Planning our trip-why this book -- To think or not think? isn't that question? -- Rules of the road: thinking basic rules and tools -- Making connections -- Basic definitions -- Problem types -- The Scientific method -- Creating smaller problems -- Same but different -- PST general rules 5 -- Rules for breaking rules -- Brainstorming steps -- The Best places to see: creative thinking -- You can be a creative thinker -- Cultivating inspiration,intuition and insight -- Turn off your editor -- What to do when you don't know what to do -- Insight -- Consider go-ghoti - language puzzler -- Drive this way: the art of thinking -- Future journeys:discipline-specific thinking tools -- Specialized thinking -- Mathematical thinking -- Scientific thinking -- Philosophical thinking:formal logic -- Computer programming thinking -- Engineering thinking -- Art and creative thinking -- After-word -- Appendix A: Creative your thinking toolbox -- Appendix B: Thinking styles -- Appendix C: Suggested pedagogy -- Appendix D: More thinking road signs and roadside attraction -- Appendix E:List of PST rules -- Creative thinking -- General thinking rules. |
| 700 ## - ADDED ENTRY--PERSONAL NAME | |
| Personal name | Crews |
| 700 ## - ADDED ENTRY--PERSONAL NAME | |
| Personal name | Doering |
| 942 ## - ADDED ENTRY ELEMENTS (KOHA) | |
| Source of classification or shelving scheme | Library of Congress Classification |
| Koha item type | Books |
| Withdrawn status | Lost status | Source of classification or shelving scheme | Damaged status | Not for loan | Home library | Current library | Shelving location | Date acquired | Total Checkouts | Full call number | Barcode | Date last seen | Copy number | Price effective from | Koha item type |
|---|---|---|---|---|---|---|---|---|---|---|---|---|---|---|---|
| Library of Congress Classification | WISCONSIN INTERNATIONAL UNIVERSITY COLLEGE, GHANA - MAIN LIBRARY | WISCONSIN INTERNATIONAL UNIVERSITY COLLEGE, GHANA - MAIN LIBRARY | Reference | 15/08/2014 | QA76.6.I8 | 7364/389/13 | 15/08/2014 | 1 | 15/08/2014 | Books |
